1252 1842 1974 1647 1900 1773 1182 1922 1817 1732 1475 1985 1349 1254 1506 1388 1648 1983 1416 1268 1735 1696 1880 1835 1768 1554 1461 1024 1364 1778 1173 1629 1395 1443 1240 1126 1752 1892 1439 1328 1294 1449 1420 1564 1753 1655 1507 1748 1895 1713 1902 1109 1660 1286 1728 1305 1496 1777 1227 1700 1682 1907 1638 1090 1846 1667 1642 1402 1779 1401 1301 1528 1460 1713 1645 1668 1767 1516 1229 1938 1409 1822 1381 1352 1912 1667 1460 1010 1499 1608 1136 1471 1850 1308 1593 1153 1850 1052 1199 BCNSPRNW ULIB Ver.6.0+V

เปลี่ยนเป็นภาษาไทย

Change to English
 แสดงรายละเอียดบรรณานุกรม
  กลับหน้าหลัก

Brief Record : Get Marc (ISO 2709) : E-mail record : QR code < ปิดหน้าต่าง
LEADER : 00000nam 2200000uu 4500
001    13399125980
003     ULIB
008    020711s2560 th a 000 0 tha d
050    ^aLA1221^bส691ร
110    ^aสำนักงานคณะกรรมการการอุดมศึกษา
245    ^aรวม กฎกระทรวง ประกาศกระทรวงศึกษาธิการ ประกาศ และมติคณะกรรมการการอุดมศึกษาที่เกี่ยวกับหลักเกณฑ์/แนวทาง และปฏิบัติที่เกี่ยวข้อง สิงหาคม 2556 - กรกฎาคม 2560
260    ^aนนทบุรี :^bห้างหุ้นส่วนจำกัด ภาพพิมพ์,^c2560
300    ^a375 หน้า;^c30 ซม.
650    ^aการศึกษา-กฎกระทรวง
945    ^p0^l0^i003411
999    ^aประนอม เกษจรัล
รายการนี้ยังไม่มีแท็ก
คุณยังไม่ได้ล็อกอิน คุณสามารถมีกิจกรรมร่วมกับเว็บไซต์ได้ แต่ต้องล็อกอินก่อน ::
  ล็อกอิน

รายการสื่อสารสนเทศ

ลำดับที่ ประเภท เลขเรียก/บาร์โค้ด สถานที่ สถานะ
1. การศึกษาทั่วไป
การศึกษาทั่วไป
LA1221 ส691ร ฉ.1 
  Barcode: 003411
ห้องสมุดวิทยาเขตสวรรค์ประชารักษ์
►หนังสือทั่วไป
บนชั้น

BibComment


ยังไม่เคยถูกคอมเมนท์

คอมเมนท์ทรัพยากรรายการนี้
  คอมเมนท์: รวม กฎกระทรวง ปร..


 Copyright 2026. Bcnsprnw @Library